000 00507nam a2200205Ia 4500
005 20260429112138.0
008 260429s9999||||xx |||||||||||||| ||und||
020 _a9781032933726
041 _aEnglish
082 _a338.4791
_bFEN
100 _aFennell, David A.
245 0 _aEcotourism /
_cDavid A. Fennell
250 _a1st ed.
260 _aLondon :
_bRoutledge,
_c2026.
300 _axv, 412 p.; pbk
650 _a Marketing
650 _a Nature-based
650 _aEcotourism
942 _cTB
999 _c52584
_d52584